000 00869nam a22002657a 4500
003 OSt
005 20140310181742.0
008 130323t xxu||||| |||| 00| 0 eng d
020 _a9781602681163
050 _aLC 4015
_b.K62 2012
082 _aTR 371.904
_bK62t 2012
100 _aKitzman, Debra
_91299
245 _aTeaching Tips for Challenging Behaviors. /
_cDebra Kitzman and Kelly Gunzenhauser.
260 _aNorth Carolina Key
_bEducation Pub Co,
_cc2012.
300 _a128 p. :
_bill. ;
_c28 cm.
500 _aTeacher / parent resource
521 _aFaculty
541 _j1
562 _e1
650 _aChildren with disabilities--Education
_91300
650 _aBehavior disorders in children--Education
_91301
650 _aClassroom management--Education
_91302
650 _aTeaching--Aids and devices
_91303
942 _2lcc
_cBK-TR
_kTR
999 _c2817
_d2817